|
|
|
|
| LEADER |
00000cam a2200000 a 4500 |
| 001 |
vtls008402041 |
| 003 |
SK-MaSNL |
| 005 |
20260302004155.0 |
| 008 |
230403s1952 xo dal grf 000 0 slo |
| 015 |
|
|
|a SNBA19451955-012465
|
| 020 |
|
|
|q (brožované)
|
| 035 |
|
|
|a SK01SNKBKSFS20020094258
|
| 035 |
|
|
|a urn:nbn:sk:snk-am3i4vp
|
| 035 |
|
|
|a EF86ADFA-22C6-4595-84A4-C7DCD627A950
|
| 035 |
|
|
|a urn:nbn:sk:snk-am00dk62
|
| 035 |
|
|
|a SKM000096721
|
| 040 |
|
|
|a SNK
|b slo
|c SNK
|e AACR2
|
| 041 |
1 |
|
|a slo
|h rus
|
| 043 |
|
|
|a e-ur---
|
| 044 |
|
|
|a xo
|c SK
|
| 080 |
|
|
|a 658
|2 1981
|
| 100 |
1 |
|
|a Tatur, Sergej Kuzmič,
|d 1897-1974
|4 aut
|9 155959
|
| 240 |
1 |
0 |
|a Ispolzovanie ličnych sčetov ekonomii v borbe za socialističeskije nakoplenija v promyšlennosti
|l Slovensky
|
| 245 |
1 |
0 |
|a Osobné účty úspor a ich využitie v priemysle SSSR
|c S. Tatur, A. Sokolovskij, V. Mnacaganovová ; z ruského originálu Ispolzovanie ličnych sčetov ekonomii v borbe za socialističeskije nakoplenija v promyšlennosti ... preložil F. Hutník
|
| 260 |
|
|
|a Bratislava
|b Práca
|c 1952
|e Bratislava
|f Práca
|
| 300 |
|
|
|a 127 strán
|b grafy, ilustrácie, tabuľky
|c 21 cm
|
| 366 |
|
|
|e 3300 kusov
|
| 490 |
1 |
|
|a Socialistické hospodárstvo
|v sväzok 8
|
| 504 |
|
|
|a Poznámky
|
| 650 |
0 |
7 |
|a socialistické hospodárstvo
|2 SNKPH
|9 2154
|
| 651 |
|
7 |
|a Sovietsky zväz
|2 SNKPHgeo
|9 22126
|
| 655 |
|
7 |
|a príručky
|2 SNKPH
|9 74364
|
| 700 |
1 |
|
|a Sokolovskij, A.
|4 aut
|9 643672
|
| 700 |
1 |
|
|a Mnacaganova, Vera Christoforovna
|4 aut
|9 81165
|
| 700 |
1 |
|
|a Hutník, Felix,
|d 1928-2010
|4 trl
|9 39497
|
| 700 |
1 |
|
|a Gerstlová, Š.
|4 red
|9 347490
|
| 830 |
|
0 |
|a Socialistické hospodárstvo
|9 347946
|
| 852 |
|
|
|a Slovenská národná knižnica
|
| 954 |
|
|
|a odborná, vedecká literatúra cudzojazyčná (svetová)
|2 lita
|
| 958 |
|
|
|a RK
|
| 958 |
|
|
|a TL
|
| 958 |
|
|
|a OP
|
| 958 |
|
|
|a OND
|
| 958 |
|
|
|a EUIPO
|
| 968 |
|
|
|b RUS
|
| 999 |
|
|
|c 994913
|d 996843
|
| 952 |
|
|
|a SNK
|b SNK
|y PREZ
|7 0
|p 17A0764186
|o snkSC 4505/8
|i snk86/53
|0 0
|1 0
|4 0
|d 2019-01-09
|f 1
|l 0
|r 2025-06-25 00:00:00
|w 2026-02-24
|